[Event "4NCL 2021-22"]
[Site "England"]
[Date "2022.04.30"]
[Round "7.40"]
[White "Anilkumar, Anantha P"]
[Black "Larkin, Benjamin"]
[Result "1/2-1/2"]
[WhiteElo "1865"]
[BlackElo "2014"]
[Annotator "TA"]
[PlyCount "74"]
[EventDate "2021.11.27"]
[EventType "team-tourn"]
[EventCountry "ENG"]
[SourceTitle "playchess.com"]
[Source "ChessBase"]
[SourceQuality "1"]
[TimeControl "40/6000+30:3000+30"]

{[%evp 9,74,-11,-2,-9,0,-14,-18,-39,-37,-47,-51,-46,7,14,2,-39,-35,-44,-17,-9,24,-25,52,54,70,71,131,33,113,34,34,20,9,0,0,-76,-61,-64,-19,-20,-18,-77,-81,-87,-95,-95,-17,-108,163,-25,-17,-22,-19,-48,-14,-14,0,0,0,0,0,0,0,0,0,0,0]} 1. d4 {[%emt 0:00:03]} Nf6 {[%emt 0:00:04]} 2. c4 {[%emt 0:00:04]} g6 {[%emt 0:00:03]} 3. Nc3 {[%emt 0:00:04]} d5 {[%emt 0:00:02]} 4. Nf3 {[%emt 0:00:17]} Bg7 {[%emt 0:00:04]} 5. h4 {[%emt 0:00:08]} dxc4 {[%emt 0:00:05][%cal Oc7c5]} 6. e4 {[%emt 0:00:08] D90: Grünfeld: 4 Nf3 Bg7 sidelines.} c5 {[%emt 0:00:03]} 7. d5 {[%emt 0:05:00]} b5 {[%emt 0:00:08]} 8. e5 {[%emt 0:03:24]} Ng4 {[%emt 0:01:05]} 9. Nxb5 {[%emt 0:06:38]} Qa5+ {[%emt 0:00:42]} (9... Nd7 {looks sharper.} 10. e6 Qa5+ 11. Bd2 Qxb5 12. exd7+ Bxd7 13. Rc1 Qxb2 14. Bxc4 O-O) 10. Nc3 {[%emt 0:00:04]} Nxe5 {[%emt 0:00:26]} (10... Nd7 $15) 11. Nxe5 $11 {[%emt 0:01:52]} Bxe5 {[%emt 0:00:02] [#]} 12. Qa4+ $146 {[%emt 0:01:20]} ({Predecessor:} 12. Bd2 O-O 13. Bxc4 Ba6 14. Qe2 Bxc4 15. Qxe5 Nd7 16. Qf4 Qd8 {0-1 (16) Damljanovic,B (2498)-Tadic,S (2416) Belgrade 2021}) 12... Qxa4 {[%emt 0:00:10]} 13. Nxa4 {[%emt 0:00:06]} Na6 {[%emt 0:15:59] White must now prevent ...Nb4.} 14. Bxc4 {[%emt 0:06:33]} Rb8 {[%emt 0:01:49]} 15. a3 {[%emt 0:03:06] [#] Prevents Nb4.} (15. Bd2 $1 {feels stronger.}) 15... O-O {[%emt 0:03:52]} (15... Bd7 $1 $11) 16. O-O $1 $14 {[%emt 0:02:03]} Rd8 {[%emt 0:01:01]} 17. Re1 {[%emt 0:01:39]} Bf6 {[%emt 0:00:04]} (17... Bd6 $142) 18. Bg5 {[%emt 0:00:26]} ({White should play} 18. Bf4 $16) 18... Bd7 {[%emt 0:07:48] [#]} (18... Bxg5 $14 19. hxg5 Kf8) 19. Bxf6 {[%emt 0:06:01]} ({Weaker is} 19. Bxa6 Bxa4 20. Bxf6 exf6 $15) (19. Nc3 $1 $16) 19... exf6 {[%emt 0:00:33]} 20. Nc3 {[%emt 0:00:10]} ({Much worse is} 20. Bxa6 Bxa4 21. Re7 Rxb2 $11) 20... Nc7 {[%emt 0:00:24][%cal Ba6c7,Bc7e8,Be8d6][%mdl 32]} 21. Ne4 {[%emt 0:11:19]} Rxb2 {[%emt 0:01:06]} 22. d6 {[%emt 0:03:23]} (22. Nxf6+ $11 Kg7 23. Ne4) 22... Ne8 $17 {[%emt 0:00:38]} 23. Rad1 {[%emt 0:02:27]} Ba4 {[%emt 0:03:11]} 24. Rd5 {[%emt 0:07:00]} Bc6 {[%emt 0:03:57]} 25. d7 {[%emt 0:05:50]} (25. Rxc5 $11 Bxe4 26. Rxe4 Rb1+ 27. Kh2 Nxd6 28. Rd4) 25... Rxd7 {[%emt 0:03:35]} 26. Rxd7 {[%emt 0:09:51]} Bxd7 {[%emt 0:02:43]} 27. Nxc5 {[%emt 0:00:30] [#]} Nd6 {[%emt 0:01:21]} ({Black should try} 27... Bc6 $1 $17 {aiming for ...Rc2.} 28. Bd3 Kf8) 28. Bb3 {[%emt 0:13:11] Prevents Rc2.} (28. Nxd7 $11 {remains equal.} Nxc4 29. Nxf6+ Kg7 30. Ne8+ Kg8 31. Nf6+ Kg7 32. Ne8+ Kf8 33. Nf6) 28... Nb7 $2 {[%emt 0:02:19][%mdl 8192] [#]} 29. Bxf7+ $1 {[%emt 0:00:42][%mdl 512]} Kxf7 $11 {[%emt 0:00:02]} 30. Nxd7 $18 {[%emt 0:00:07][%mdl 4096] Endgame KRN-KRN} Rb3 {[%emt 0:03:18]} 31. Ra1 {[%emt 0:00:40]} Ke7 {[%emt 0:06:05]} 32. Nb8 {[%emt 0:00:09] The position is equal.} Rb6 {[%emt 0:00:16] Strongly threatening ...Nd8.} 33. Rc1 {[%emt 0:00:39]} Kd6 {[%emt 0:03:34]} 34. Rd1+ {[%emt 0:00:13]} Ke6 {[%emt 0:01:02]} (34... Kc7 $5 35. Nd7 Re6 $11) 35. Re1+ {[%emt 0:04:34]} Kd6 {[%emt 0:03:11]} 36. Rd1+ {[%emt 0:00:09]} Ke6 {[%emt 0:03:25]} (36... Kc7 $5 37. Nd7 Re6 $11) 37. Re1+ {[%emt 0:00:04]} Kd6 {[%emt 0:00:39] Weighted Error Value: White=0.31/Black=0.42} 1/2-1/2

[Event "4NCL 2021-22"]
[Site "England"]
[Date "2022.04.30"]
[Round "7.41"]
[White "Alsina Leal, Daniel"]
[Black "Cumming, Rhys"]
[Result "1-0"]
[WhiteElo "2509"]
[BlackElo "2360"]
[Annotator "TA"]
[PlyCount "99"]
[EventDate "2021.11.27"]
[EventType "team-tourn"]
[EventCountry "ENG"]
[SourceTitle "playchess.com"]
[Source "ChessBase"]
[SourceQuality "1"]
[TimeControl "40/6000+30:3000+30"]

{[%evp 16,99,0,0,0,0,18,20,15,8,8,14,9,9,7,0,10,0,31,0,8,8,8,8,5,-20,-12,-13,0,0,0,0,0,0,0,0,0,0,13,-15,-10,-10,-8,-8,0,0,0,0,0,0,0,0,0,0,0,0,0,0,0,0,0,5,53,85,509,483,961,966,913,961,961,847,948,932,784,756,1052,1043,983,834,792,775,1045,794,926,914]} 1. e4 {[%emt 0:00:02]} e5 {[%emt 0:00:24]} 2. Nf3 {[%emt 0:00:07]} Nc6 {[%emt 0:00:07]} 3. d4 {[%emt 0:00:06]} exd4 {[%emt 0:00:32]} 4. Nxd4 {[%emt 0:00:05]} Nf6 {[%emt 0:00:46]} 5. Nc3 {[%emt 0:00:16]} Bb4 {[%emt 0:00:32]} 6. Nxc6 {[%emt 0:00:09]} bxc6 {[%emt 0:00:13]} 7. Bd3 {[%emt 0:00:05]} O-O {[%emt 0:01:27]} 8. O-O {[%emt 0:00:07]} d5 {[%emt 0:01:15]} 9. Bd2 {[%emt 0:11:42]} Rb8 {[%emt 0:16:20] C47: Scotch Four Knights and Four Knights with 4 g3.} 10. Re1 {[%emt 0:00:00]} dxe4 {[%emt 0:20:22] 10...Bg4 is the modern continuation.} 11. Nxe4 {[%emt 0:00:00]} Nxe4 {[%emt 0:01:59] The position is equal.} 12. Rxe4 {[%emt 0:00:00]} Bxd2 {[%emt 0:00:55]} 13. Qxd2 {[%emt 0:00:00]} Rxb2 {[%emt 0:04:20]} 14. Qc3 {[%emt 0:03:23] [#]} Rb6 $146 {[%emt 0:07:14]} ({Predecessor:} 14... Rb8 15. Rc4 Bd7 16. h3 Re8 17. Ra4 Qg5 18. Rxa7 Bxh3 19. Bxh7+ Kxh7 20. Qxh3+ Kg8 21. Qf3 Re6 22. Ra4 Rbe8 23. g3 Rh6 24. Re4 Rxe4 25. Qxe4 Re6 {½-½ (25) Kravtsiv,M (2604)-Nepomniachtchi,I (2782) Warsaw 2021}) 15. Re3 {[%emt 0:05:59]} Re8 {[%emt 0:11:05]} 16. Rxe8+ {[%emt 0:04:36]} ({Much weaker is} 16. Rg3 g6 $15) 16... Qxe8 {[%emt 0:00:44]} 17. Re1 {[%emt 0:00:40][%cal Re1e8] [#]} Qf8 {[%emt 0:09:12]} 18. Qa5 {[%emt 0:12:27]} a6 {[%emt 0:06:23]} 19. Qe5 {[%emt 0:12:02]} Be6 {[%emt 0:02:08]} 20. a4 {[%emt 0:14:14]} Qd6 {[%emt 0:06:14]} 21. f4 {[%emt 0:02:28]} c5 {[%emt 0:13:50]} 22. a5 {[%emt 0:15:20]} Rb8 {[%emt 0:01:38]} 23. f5 {[%emt 0:01:24]} Bd7 {[%emt 0:03:21][%cal Ob8b1]} 24. Qxd6 {[%emt 0:16:12]} cxd6 {[%emt 0:00:02]} 25. Bxa6 $11 {[%emt 0:00:10][%mdl 4096] Endgame aiming for Re7. KRB-KRB} Kf8 {[%emt 0:01:18] Inhibits Re7.} (25... Bxf5 $2 {[#]} 26. Bb7 $1 $18 {[%mdl 512]}) 26. Bd3 {[%emt 0:02:52]} d5 {[%emt 0:00:31]} 27. c4 {[%emt 0:04:10]} Rb3 {[%emt 0:00:32]} 28. Bf1 {[%emt 0:01:41]} Ra3 {[%emt 0:00:12] Threatens to win with ...d4.} 29. Re5 {[%emt 0:02:27]} Rxa5 {[%emt 0:00:16]} 30. Rxd5 {[%emt 0:00:05]} Ke7 {[%emt 0:00:29]} 31. f6+ {[%emt 0:00:35]} gxf6 {[%emt 0:00:12]} 32. Rh5 {[%emt 0:00:07]} Bg4 {[%emt 0:01:12]} 33. Rxh7 {[%emt 0:00:25]} Ra1 {[%emt 0:00:36]} 34. Kf2 {[%emt 0:00:13] Prevents Be2.} Ra2+ {[%emt 0:00:28]} 35. Kg3 {[%emt 0:01:16]} Bf5 {[%emt 0:00:36]} 36. Rh5 {[%emt 0:01:21]} Ke6 {[%emt 0:00:16]} 37. h4 {[%emt 0:00:41][%cal Bh2h4,Bh4h5][%mdl 32]} Rd2 {[%emt 0:00:44]} 38. Rh8 {[%emt 0:00:37]} Ke5 {[%emt 0:00:32]} (38... Ke7 $11 {should be considered.}) 39. h5 $14 {[%emt 0:00:51] Hoping for Re8+.} Be6 $2 {[%emt 0:00:27][%mdl 8192] Black cannot hold the game after this.} (39... Rd1 $16 40. Re8+ Be6) 40. h6 $18 {[%emt 0:00:25] White is clearly winning.} Rd4 {[%emt 0:00:27]} (40... Rd1 $142) 41. Be2 {[%emt 0:15:47] Strongly threatening h7.} Bf5 {[%emt 0:13:49]} 42. h7 {[%emt 0:01:44]} Bxh7 {[%emt 0:00:26]} 43. Rxh7 {[%emt 0:00:04] KRB-KR} Re4 {[%emt 0:00:21]} 44. Kf2 {[%emt 0:01:45]} Rf4+ {[%emt 0:02:56]} 45. Ke1 {[%emt 0:00:46]} Ke6 {[%emt 0:01:45]} 46. Bh5 {[%emt 0:02:33]} Re4+ {[%emt 0:01:35]} 47. Kf2 {[%emt 0:00:19]} Ke5 {[%emt 0:01:07]} 48. Bxf7 {[%emt 0:00:36]} Kd4 {[%emt 0:00:26]} 49. Bd5 {[%emt 0:00:24]} Rf4+ {[%emt 0:00:42]} 50. Kg3 {[%emt 0:00:20] Weighted Error Value: White=0.03 (flawless) /Black=0.33} 1-0

[Event "4NCL 2021-22"]
[Site "England"]
[Date "2022.04.30"]
[Round "7.43"]
[White "Adair, James R"]
[Black "Grant, David J"]
[Result "1-0"]
[WhiteElo "2444"]
[BlackElo "2080"]
[Annotator "TA"]
[PlyCount "69"]
[EventDate "2021.11.27"]
[EventType "team-tourn"]
[EventCountry "ENG"]
[SourceTitle "playchess.com"]
[Source "ChessBase"]
[SourceQuality "1"]
[TimeControl "40/6000+30:3000+30"]

{[%evp 21,69,32,63,55,71,68,72,79,153,147,145,145,157,155,160,152,215,221,208,193,291,291,459,456,441,454,439,370,365,364,338,298,317,274,334,327,375,361,476,462,796,795,812,769,812,360,29993,29994,29994,29993]} 1. d4 {[%emt 0:00:43]} Nf6 {[%emt 0:00:28]} 2. c4 {[%emt 0:00:08]} g6 {[%emt 0:00:26]} 3. g3 {[%emt 0:00:34]} Bg7 {[%emt 0:00:51]} 4. Bg2 {[%emt 0:00:07]} O-O {[%emt 0:00:19]} 5. Nc3 {[%emt 0:00:09]} d6 {[%emt 0:00:27]} 6. Nf3 {[%emt 0:00:07]} Nc6 {[%emt 0:00:59]} 7. O-O {[%emt 0:00:13]} a6 {[%emt 0:00:38]} 8. b3 {[%emt 0:00:30]} Rb8 {[%emt 0:07:26]} 9. d5 {[%emt 0:00:26]} Na5 {[%emt 0:03:38]} 10. Bd2 {[%emt 0:00:25]} c5 {[%emt 0:05:12]} 11. dxc6 {[%emt 0:00:09]} bxc6 {[%emt 0:01:15]} 12. c5 {[%emt 0:00:31] E63: King's Indian: Fianchetto: Panno Variation with 7...a6.} d5 {[%emt 0:11:00]} 13. Bf4 {[%emt 0:00:23]} Rb7 {[%emt 0:02:06]} 14. Be5 {[%emt 0:03:37] White is better.} Nd7 {[%emt 0:07:20]} (14... Bh6 $142) 15. Bxg7 $16 {[%emt 0:01:06] White is more active.} Kxg7 {[%emt 0:00:08] [#]} 16. e4 $1 {[%emt 0:16:36] [#]} dxe4 $146 {[%emt 0:11:44]} ({Predecessor:} 16... e6 17. Rc1 Rb4 18. Ne1 Qf6 19. Nd3 Rb8 20. Re1 Bb7 21. Qd2 Qd8 22. e5 Bc8 {1-0 (88) Miciano,J (2339)-Agibileg,U (2403) Ulaanbaatar 2019}) 17. Nxe4 {[%emt 0:02:33]} Nf6 {[%emt 0:02:23] Strongly threatening ...Qxd1.} 18. Qe1 {[%emt 0:08:40] b4 is the strong threat.} Nxe4 {[%emt 0:11:46]} (18... Nd5 $16 19. Rd1 Qc7) 19. Qxe4 $18 {[%emt 0:00:09] Threatens to win with b4.} Bf5 {[%emt 0:00:21]} 20. Qe1 {[%emt 0:16:50] [#] aiming for b4.} Rd7 {[%emt 0:13:33]} (20... f6 $142 21. Rd1 Rd7) 21. b4 {[%emt 0:05:33]} Nc4 {[%emt 0:01:18]} (21... Nb7 {was worth a try.} 22. Ne5 Rc7 23. Nxc6 Qd7) 22. Qc3+ {[%emt 0:01:04]} f6 {[%emt 0:00:08]} 23. Qxc4 {[%emt 0:01:17]} Bd3 {[%emt 0:00:07]} 24. Qc1 {[%emt 0:02:08]} Bxf1 {[%emt 0:00:07]} 25. Bxf1 {[%emt 0:05:50]} ({Less strong is} 25. Qxf1 a5 26. a3 e5 $18) 25... a5 {[%emt 0:00:35]} 26. a3 {[%emt 0:01:20]} axb4 {[%emt 0:00:32]} 27. axb4 {[%emt 0:00:06]} e5 {[%emt 0:00:23]} 28. Qc2 {[%emt 0:08:42]} Qb8 {[%emt 0:03:57]} 29. Qe4 {[%emt 0:04:14]} Qc7 {[%emt 0:01:04]} 30. Ra6 {[%emt 0:01:19]} Rd5 {[%emt 0:00:59]} (30... Rc8 $142 31. Bh3 Rd1+ 32. Kg2 f5 33. Qxe5+ Qxe5 34. Nxe5 Re8 35. Nxc6 Rc1) 31. Bc4 {[%emt 0:01:04]} Rd1+ {[%emt 0:01:04]} 32. Kg2 {[%emt 0:00:06]} Qb7 {[%emt 0:01:21]} 33. Qxc6 {[%emt 0:02:45]} (33. b5 $142 Rdd8 34. Rxc6) 33... Qxb4 $2 {[%emt 0:00:07]} (33... Qxc6 $18 34. Rxc6 e4) 34. Ra7+ {[%emt 0:00:39]} Kh6 {[%emt 0:00:14]} 35. Qe4 {[%emt 0:01:24] Black got outplayed after the opening.  Weighted Error Value: White=0.26 (precise) /Black=0.59} 1-0

[Event "4NCL 2021-22"]
[Site "England"]
[Date "2022.04.30"]
[Round "7.44"]
[White "Blake, J Morgan"]
[Black "Wells, Peter K"]
[Result "0-1"]
[WhiteElo "2122"]
[BlackElo "2379"]
[Annotator "TA"]
[PlyCount "64"]
[EventDate "2021.11.27"]
[EventType "team-tourn"]
[EventCountry "ENG"]
[SourceTitle "playchess.com"]
[Source "ChessBase"]
[SourceQuality "1"]
[TimeControl "40/6000+30:3000+30"]

{[%evp 32,64,15,15,20,16,23,28,37,15,22,-12,0,0,0,-23,0,0,0,-8,0,-30,-40,-56,-40,-92,-82,-342,-341,-481,-456,-1049,-821,-879,-817]} 1. e4 {[%emt 0:03:01]} e5 {[%emt 0:00:40]} 2. Nf3 {[%emt 0:00:11]} Nc6 {[%emt 0:00:47]} 3. Bb5 {[%emt 0:00:07]} a6 {[%emt 0:00:12]} 4. Ba4 {[%emt 0:00:02]} Nf6 {[%emt 0:00:20]} 5. O-O {[%emt 0:00:22]} Be7 {[%emt 0:00:23]} 6. Re1 {[%emt 0:00:34]} b5 {[%emt 0:00:11]} 7. Bb3 {[%emt 0:00:03]} d6 {[%emt 0:00:48]} 8. c3 {[%emt 0:01:46]} O-O {[%emt 0:01:02]} 9. h3 {[%emt 0:01:11]} Nb8 {[%emt 0:04:38]} 10. d4 {[%emt 0:01:38]} Nbd7 {[%emt 0:00:00]} 11. Nbd2 {[%emt 0:05:02][%cal Bb1d2,Bd2f1,Bf1g3][%mdl 32]} Bb7 {[%emt 0:00:00]} 12. Bc2 {[%emt 0:00:12]} Re8 {[%emt 0:00:17]} 13. Nf1 {[%emt 0:00:34]} Bf8 {[%emt 0:00:47]} 14. Ng3 {[%emt 0:00:13]} g6 {[%emt 0:01:02]} 15. a4 {[%emt 0:02:18]} c5 {[%emt 0:02:59]} 16. d5 {[%emt 0:00:17]} c4 {[%emt 0:00:11]} 17. Bg5 {[%emt 0:03:22]} Nc5 {[%emt 0:06:51] C95: Closed Ruy Lopez: Breyer Variation with 10 d4.} 18. Qd2 {[%emt 0:02:30]} Be7 {[%emt 0:02:10]} 19. Bh6 {[%emt 0:07:05]} Nfd7 {[%emt 0:07:55] White has an edge.} 20. Be3 {[%emt 0:05:55]} Qc7 {[%emt 0:23:03] [#]} 21. h4 $146 {[%emt 0:11:26]} ({Predecessor:} 21. Nh2 h5 22. Rf1 bxa4 23. Qe2 h4 24. Nh1 Nf6 25. Qf3 Bc8 26. Bxa4 Nxa4 27. Rxa4 Bd7 28. Ra2 Kg7 29. Rfa1 {½-½ (43) Lutz,C (2595)-Van der Sterren,P (2569) Germany 2001}) 21... h5 {[%emt 0:13:28]} 22. Ng5 {[%emt 0:12:01]} Nf6 {[%emt 0:19:22]} 23. f4 {[%emt 0:07:14]} exf4 {[%emt 0:00:14]} 24. Bxf4 {[%emt 0:00:22]} Ng4 {[%emt 0:00:30]} 25. Rf1 {[%emt 0:07:55][%cal Og5f7]} Bf6 {[%emt 0:03:01]} 26. axb5 {[%emt 0:06:40]} (26. Be3 $5) 26... axb5 {[%emt 0:00:31][%cal Ba6b5,Bb5b4][%mdl 32] Threatens to win with ...Rxa1.} 27. Rxa8 {[%emt 0:00:22]} Rxa8 {[%emt 0:02:05]} 28. Bd1 {[%emt 0:09:31]} (28. Be3 $15) 28... Nb3 $36 {[%emt 0:08:07][%mdl 2048] Black has strong initiative. Black is more active.} 29. Bxb3 {[%emt 0:03:08][%mdl 8192] Now White is beyond hope.} (29. Qc2 $17 {is a better defense.} Qc5+ 30. Kh1 Bxg5 31. Bxg5) 29... cxb3 $19 {[%emt 0:02:01]} 30. Be3 {[%emt 0:13:55] [#]} (30. Ne2 $142 Qc5+ 31. Kh1 (31. Nd4 $2 b4 $19)) 30... b4 $1 {[%emt 0:06:28][%cal Rb4c3] Black is clearly winning.} 31. e5 {[%emt 0:03:20]} ({Reject} 31. cxb4 Qc2 32. Nf3 Ba6 $19) (31. c4 $142 Qxc4 32. Nxf7 Kxf7 33. Bg5) 31... Bxe5 {[%emt 0:01:47][%cal Rb4c3]} 32. N3e4 {[%emt 0:02:07]} Qc4 {[%emt 0:01:35] Weighted Error Value: White=0.73/Black=0.20 (precise)} 0-1

[Event "4NCL 2021-22"]
[Site "England"]
[Date "2022.04.30"]
[Round "7.45"]
[White "Palliser, Richard J D"]
[Black "Kolani, Arjun"]
[Result "0-1"]
[WhiteElo "2413"]
[BlackElo "2035"]
[Annotator "TA"]
[PlyCount "56"]
[EventDate "2021.11.27"]
[EventType "team-tourn"]
[EventCountry "ENG"]
[SourceTitle "playchess.com"]
[Source "ChessBase"]
[SourceQuality "1"]
[TimeControl "40/6000+30:3000+30"]

{[%evp 9,56,16,27,34,54,49,64,51,67,37,53,50,93,114,135,120,137,127,137,110,130,152,139,135,133,143,132,37,102,0,0,0,0,-114,-129,-487,-477,-514,-522,-508,-511,-630,-639,-626,-539,-557,-532,-543,-510]} 1. d4 {[%emt 0:00:04]} Nf6 {[%emt 0:00:26]} 2. c4 {[%emt 0:00:06]} g6 {[%emt 0:00:17]} 3. h4 {[%emt 0:00:36]} Bg7 {[%emt 0:05:42]} 4. Nc3 {[%emt 0:00:08]} d5 {[%emt 0:02:33]} 5. h5 {[%emt 0:07:58]} Nxh5 {[%emt 0:06:40]} 6. cxd5 {[%emt 0:00:00] E60: King's Indian: Unusual lines and Fianchetto Variation without Nc3.} c6 {[%emt 0:10:48]} 7. e4 {[%emt 0:00:00][%cal Be2e4,Be4e5][%mdl 32] Black must now prevent e5.} cxd5 {[%emt 0:02:04]} 8. e5 {[%emt 0:00:00] White is slightly better.} ({But not} 8. exd5 $6 Nf6 $15) (8. Nxd5 Nc6 $11) 8... Bf8 $1 {[%emt 0:05:53]} 9. Qb3 {[%emt 0:00:00]} Nc6 {[%emt 0:10:42]} 10. Nf3 {[%emt 0:00:00] [#]} ({Reject} 10. Nxd5 Be6 11. Bc4 Nxd4 12. Qa4+ Nc6 $17) 10... Ng7 $146 {[%emt 0:01:57]} ({Predecessor:} 10... a6 11. Be2 Ng7 12. Qxd5 Bg4 13. Be3 Qxd5 14. Nxd5 Rd8 15. Nc3 Nf5 16. Rd1 h5 {0-1 (38) Boyer,M (2427)-Puranik,A (2604) Sitges 2021}) 11. Qxd5 {[%emt 0:00:42]} Bg4 {[%emt 0:04:14] And now ...Qxd5 would win.} 12. Qb5 {[%emt 0:33:18] Strongly threatening d5.} Qd7 {[%emt 0:10:16]} 13. d5 $1 {[%emt 0:03:55] Qa4 is the strong threat.} Bxf3 {[%emt 0:05:24]} 14. gxf3 {[%emt 0:01:37][%cal Bg2f3,Bf3f4][%mdl 32] Threatens to win with Qa4.} Nxe5 {[%emt 0:06:12]} 15. Qe2 {[%emt 0:02:51]} f6 {[%emt 0:05:27]} 16. f4 {[%emt 0:09:00][%mdl 1024] White has strong compensation.} Nf7 {[%emt 0:02:34]} 17. Ne4 {[%emt 0:00:22] aiming for Nxf6+.} O-O-O {[%emt 0:03:17][%cal Be8c8,Bc8b8,Bb8a8][%mdl 32] [#]} 18. Bg2 {[%emt 0:07:22]} (18. Be3 $1 $16 {[%cal Re3a7]} Kb8 19. Nc5 Qxd5 20. Rh2) 18... Nd6 {[%emt 0:04:53] [#]} (18... Kb8 $1 $14) 19. Be3 {[%emt 0:07:02]} (19. Rh3 $1 $16) 19... Kb8 $1 $11 {[%emt 0:03:51]} 20. Nc5 {[%emt 0:07:08]} Qb5 {[%emt 0:02:48]} 21. Qd2 {[%emt 0:07:47] Against Qa5} (21. Rc1 $11) 21... Nc4 $1 $17 {[%emt 0:06:25][%csl LRb2,LRd2]} 22. Bf1 $2 {[%emt 0:02:44][%mdl 8192] [#] This move loses the game for White.} (22. a4 $17 {is a better chance.} Qb6 23. Ne6 Nxe3 24. Qxe3 Qb4+ 25. Qc3 Qxc3+ 26. bxc3 Nxe6 27. dxe6) 22... Qxc5 $1 $19 {[%emt 0:00:35][%mdl 512] Black is clearly winning.} 23. Bxc4 {[%emt 0:02:25]} (23. Bxc5 Nxd2) 23... Qxc4 {[%emt 0:02:14]} 24. Bxa7+ {[%emt 0:03:03]} Ka8 {[%emt 0:01:19]} 25. Qa5 {[%emt 0:07:08] White threatens Bc5+ and mate.} Rxd5 {[%emt 0:00:35]} 26. Bc5+ {[%emt 0:00:14]} Qa6 {[%emt 0:02:17]} 27. Qc7 {[%emt 0:00:21][%cal Rc7c8]} Qe6+ {[%emt 0:00:38]} 28. Kf1 {[%emt 0:00:23]} Qc6 {[%emt 0:00:24] Weighted Error Value: White=0.55/Black=0.13 (very precise)} 0-1